000 03206nam0a2200457 4500
001 RU\NLR\BIBL_A\012790238
005 20260407113719.0
035 _a(NLR Aleph) 012790238
090 _a13150730
_c13150730
100 _a20210916d1905 |||y0rusy50 ca
101 0 _arus
102 _aRU
105 _ay z 000yy
181 0 _ai
_baxxe
182 0 _an
200 1 _aО причислении к специальным средствам Кавказского Музея и Тифлисской Публичной Библиотеки доходов от отдачи в наем находящегося под зданием сих учреждений подвала
_fГосударственный Совет в Департаменте Государственной Экономии. Министерство Народного Просвещения. 10 марта 1905 года. № 56
203 _aТекст
_bвизуальный
_cнепосредственный
210 _a[Санкт-Петербург
_cб. и.]
_d1905
215 _a[1] с.
_d34
300 _aВ конце текста: Подписали: Граф Сольский, П. Дурново, А. Куломзин [и др.]; Скрепил: Исправляющий должность Статс-Секретаря А. Кобеляцкий
309 _aБез тит. л. и обл.
601 0 1 _aРоссия
_bМинистерство народного просвещения
_jДокументы и материалы
_92444897
_3RU\NLR\AUTH\661454178
601 0 2 _aТифлисская городская публичная библиотека им. А. С. Пушкина
_jДокументы и материалы
_92536111
_3RU\NLR\AUTH\6601715435
601 0 2 _aКавказский музей
_cТифлис, город; Грузия
_92538285
_3RU\NLR\AUTH\6601716510
686 3 _aЧ34(28)к211
686 3 _aЧ734(5Г-2Т)712.1к211
686 3 _aТ3(24)л61
702 1 _4720
_8rus
_7ca
_aСольский
_bД. М.
_cгос. деятель
_f1833-1910
_gДмитрий Мартынович
_3RU\NLR\AUTH\7783181
_966109
702 1 _4720
_7ca
_8rus
_aДурново
_bП. Н.
_f1842-1915
_gПетр Николаевич
_9238607
_3RU\NLR\AUTH\770238663
702 1 _4720
_aКуломзин
_bА. Н.
_f1838-1923
_gАнатолий Николаевич
_9169479
_3RU\NLR\AUTH\770169529
702 1 _4720
_aКобеляцкий
_bА. И.
_cгос. и хоз. деятель
_f1862-1907
_gАлексей Иванович
_9197579
_3RU\NLR\AUTH\770197630
711 0 2 _aКавказский музей
_cТифлис
_3RU\NLR\AUTH\889924802
_9345360
711 0 2 _aТифлисская городская публичная библиотека им. А. С. Пушкина
_3RU\NLR\AUTH\889969829
_9435940
711 0 1 _aРоссия
_bМинистерство народного просвещения
_3RU\NLR\AUTH\889944176
_9383530
712 0 1 _4570
_aРоссия
_bДепартамент государственной экономии
_3RU\NLR\AUTH\889933514
_9362122
852 _aNLR
_j135/294-374 (11)
942 _cBOOK
980 _aNB